[Event "GRE-ch U14"]
[Site "Peristeri"]
[Date "2023.07.08"]
[Round "8"]
[White "Vassis, Michail"]
[Black "Sitsanis, Nikolaos1111"]
[Result "1-0"]
[WhiteElo "2027"]
[BlackElo "1575"]
[PlyCount "93"]
[EventDate "2023.07.03"]
[EventType "swiss"]
[EventRounds "9"]
[EventCountry "GRE"]
[SourceTitle "EXT 2024"]
[Source "ChessBase"]
[SourceDate "2023.10.10"]
[SourceVersion "1"]
[SourceVersionDate "2023.10.10"]
[SourceQuality "1"]

1. d4 Nf6 2. Nc3 g6 3. e4 d6 4. Bg5 Bg7 5. Qd2 h6 6. Bh4 Nbd7 7. 0-0-0 e5 8. dxe5 dxe5 9. f4 g5 10. fxg5 Ng4 11. Nh3 hxg5 12. Bxg5 f6 13. Be2 Nh6 14. Be3 Nf7 15. Qe1 c6 16. Qg3 Kf8 17. Bc5+ Nxc5 18. Rxd8+ Nxd8 19. Qf2 Nce6 20. Bc4 Ke7 21. Rd1 Bd7 22. Ne2 Nf7 23. Ng3 Bc8 24. Nf5+ Kf8 25. Bxe6 Bxe6 26. Qc5+ Kg8 27. Qe7 Bxf5 28. exf5 Bh6+ 29. Kb1 Kg7 30. Rd6 Rhd8 31. Qxf6+ Kf8 32. Rxd8+ Rxd8 33. a4 e4 34. Ka2 e3 35. Ng1 Bg7 36. Qh4 Rd4 37. Qg3 Rxa4+ 38. Kb3 Re4 39. Ne2 Re5 40. c3 Nd6 41. Qf4 Ke7 42. g4 Ne4 43. g5 Nc5+ 44. Kc2 Kd6 45. f6 Bf8 46. g6 Ne6 47. Qg3 1-0

[Event "GRE-ch U12 Attiki"]
[Site "Peristeri"]
[Date "2022.06.24"]
[Round "1"]
[White "Kokkalis, Georgios Stef"]
[Black "Vassis, Michail"]
[Result "0-1"]
[WhiteElo "1015"]
[BlackElo "1782"]
[PlyCount "32"]
[EventDate "2022.06.24"]
[EventType "swiss"]
[EventRounds "7"]
[EventCountry "GRE"]
[SourceTitle "EXT 2023"]
[Source "ChessBase"]
[SourceDate "2022.10.05"]
[SourceVersion "1"]
[SourceVersionDate "2022.10.05"]
[SourceQuality "1"]

1. e4 Nf6 2. e5 Nd5 3. Nf3 d6 4. Nc3 Nb6 5. d4 g6 6. g3 Bg7 7. Bg2 0-0 8. 0-0 Nc6 9. exd6 cxd6 10. Ne2 Bf5 11. a3 Rc8 12. b3 Bxc2 13. Qd2 Bxb3 14. Bb2 Nc4 15. Qc3 N6a5 16. Qb4 Nxb2 0-1

[Event "EU-ch Schools U11"]
[Site "Tornelo INT"]
[Date "2021.12.05"]
[Round "6"]
[White "Hasanli, Ziya"]
[Black "Vassis, Michail"]
[Result "0-1"]
[WhiteElo "1493"]
[BlackElo "1664"]
[PlyCount "80"]
[EventDate "2021.12.03"]
[EventType "swiss (rapid)"]
[EventRounds "7"]
[EventCountry "NET"]
[SourceTitle "EXT 2023"]
[Source "ChessBase"]
[SourceDate "2022.10.05"]
[SourceVersion "1"]
[SourceVersionDate "2022.10.05"]
[SourceQuality "1"]

1. d4 Nf6 2. c4 e6 3. Nc3 Bb4 4. f3 0-0 5. a3 Bxc3+ 6. bxc3 Ne8 7. e3 f5 8. Bd3 Qh4+ 9. g3 Qe7 10. Ne2 b6 11. a4 Bb7 12. 0-0 d6 13. Bd2 Nf6 14. Qc2 Nbd7 15. e4 fxe4 16. fxe4 e5 17. Bg5 exd4 18. Nxd4 Ne5 19. Bxf6 Rxf6 20. Nf5 Qd7 21. Rae1 a5 22. Re3 Bc6 23. Qa2 Nxd3 24. Nh6+ Rxh6 25. c5+ Qe6 26. Qxe6+ Rxe6 27. Rxd3 bxc5 28. Re3 Rxe4 29. Ref3 Re7 30. Rf4 Re2 31. R1f2 Rxf2 32. Rxf2 Rf8 33. Re2 Kf7 34. Rf2+ Ke7 35. Re2+ Kd7 36. Ra2 Rf3 37. Ra3 Rd3 38. Kf2 Rd2+ 39. Kg1 Rg2+ 40. Kf1 Rxh2 0-1

[Event "GRE-ch South U10"]
[Site "Athens"]
[Date "2020.09.03"]
[Round "9"]
[White "Lafkidis, Apostolos"]
[Black "Vassis, Michail"]
[Result "1-0"]
[WhiteElo "1467"]
[BlackElo "1364"]
[PlyCount "89"]
[EventDate "2020.08.28"]
[EventType "swiss"]
[EventRounds "9"]
[EventCountry "GRE"]
[SourceTitle "EXT 2023"]
[Source "ChessBase"]
[SourceDate "2022.10.05"]
[SourceVersion "1"]
[SourceVersionDate "2022.10.05"]
[SourceQuality "1"]

1. e4 c5 2. Nf3 e6 3. c4 Nc6 4. d4 cxd4 5. Nxd4 a6 6. Nc3 Qc7 7. Be3 Nf6 8. a3 Be7 9. Be2 0-0 10. 0-0 b6 11. f3 Bd6 12. f4 Nxd4 13. Qxd4 e5 14. Qxb6 Qxb6 15. Bxb6 exf4 16. Bd4 Re8 17. Bf3 Be5 18. Rad1 Rb8 19. b4 Bb7 20. Bxe5 Rxe5 21. Rd4 Rbe8 22. Re1 g5 23. g3 fxg3 24. hxg3 g4 25. Bg2 R8e6 26. a4 d6 27. Red1 Nxe4 28. Nxe4 Bxe4 29. Rxd6 Bc2 30. Rxe6 Rxe6 31. Ra1 Re3 32. Kf2 Rc3 33. b5 axb5 34. cxb5 Bd3 35. Bc6 Rb3 36. Ke1 Kf8 37. Kd2 Ke7 38. Bd5 Bc4 39. Bxc4 Rxg3 40. a5 Rg2+ 41. Kc3 g3 42. a6 Rh2 43. a7 g2 44. a8Q Rh1 45. Rxh1 1-0

[Event "GRE-ch South U10"]
[Site "Athens"]
[Date "2020.08.31"]
[Round "5"]
[White "Merkouropoulos, Dionysios"]
[Black "Vassis, Michail"]
[Result "0-1"]
[WhiteElo "1255"]
[BlackElo "1364"]
[PlyCount "40"]
[EventDate "2020.08.28"]
[EventType "swiss"]
[EventRounds "9"]
[EventCountry "GRE"]
[SourceTitle "EXT 2023"]
[Source "ChessBase"]
[SourceDate "2022.10.05"]
[SourceVersion "1"]
[SourceVersionDate "2022.10.05"]
[SourceQuality "1"]

1. d4 d5 2. c4 e6 3. Nc3 Nf6 4. cxd5 exd5 5. Bg5 Be7 6. e3 0-0 7. Bd3 c5 8. dxc5 h6 9. Bf4 Nbd7 10. Rc1 Nxc5 11. Nf3 Bg4 12. Bb1 Qb6 13. b3 Rad8 14. h3 Bxf3 15. Qxf3 Nce4 16. Be5 Rfe8 17. Qe2 Bb4 18. f3 Nxc3 19. Qd3 Nxb1+ 20. Ke2 Rxe5 0-1

[Event "GRE-ch U10"]
[Site "Patras"]
[Date "2019.06.28"]
[Round "6.3"]
[White "Vassis, Michail"]
[Black "Gkavardinas, Antonios"]
[Result "1-0"]
[WhiteElo "1332"]
[BlackElo "1323"]
[PlyCount "159"]
[EventDate "2019.06.25"]
[EventType "swiss"]
[EventRounds "9"]
[EventCountry "GRE"]
[SourceTitle "EXT 2020"]
[Source "ChessBase"]
[SourceDate "2019.10.17"]
[SourceVersion "1"]
[SourceVersionDate "2019.10.17"]
[SourceQuality "1"]
[WhiteTeam "Greece"]
[BlackTeam "Greece"]
[WhiteTeamCountry "GRE"]
[BlackTeamCountry "GRE"]

1. Nf3 Nf6 2. d4 d5 3. e3 e6 4. Be2 c5 5. 0-0 Nc6 6. b3 Be7 7. Bb2 0-0 8. Nbd2 b6 9. c4 Bb7 10. Rc1 dxc4 11. Nxc4 cxd4 12. exd4 Rc8 13. Nce5 Nxe5 14. Nxe5 Nd7 15. Bc4 Nxe5 16. dxe5 Bc5 17. Rc3 Qe7 18. Rg3 Rfd8 19. Qg4 g6 20. Bc3 Bd5 21. Ba6 Bb7 22. Bxb7 Qxb7 23. h4 h5 24. Qh3 Qe4 25. Rf3 Bd4 26. Bxd4 Rxd4 27. Rg3 Qxe5 28. Rg5 Qe4 29. Rg3 Kg7 30. f4 Kf6 31. Rgf3 Rc2 32. Qg3 Rdd2 33. a4 Qd4+ 34. Kh1 Qb2 35. f5 exf5 36. Qg5+ Ke6 37. Re3+ Kd5 38. Qd8+ Kc5 39. Qe7+ Rd6 40. Rd3 Qf6 41. b4+ Kc6 42. b5+ Kc5 43. Qc7+ Kb4 44. Qxd6+ Qxd6 45. Rxd6 Kxa4 46. Ra1+ Kxb5 47. Rxa7 Rc4 48. g3 Rc3 49. Kh2 Rc2+ 50. Kh3 Kc5 51. Rdd7 Re2 52. Rxf7 b5 53. Rab7 b4 54. Rfc7+ Kd6 55. Rc4 Re3 56. Rbxb4 Kd5 57. Rc8 Re6 58. Rcb8 Re7 59. R8b5+ Kc6 60. Rb3 Rg7 61. Rb6+ Kc5 62. Ra6 g5 63. hxg5 Rxg5 64. Ra5+ Kd4 65. Rbb5 Ke4 66. Ra4+ Kd3 67. Rf4 Rg8 68. Rfxf5 Kc4 69. Rxh5 Rf8 70. Rbf5 Rd8 71. g4 Rd3+ 72. Kh4 Rd8 73. g5 Rd4+ 74. Kg3 Rd3+ 75. Kg4 Rd4+ 76. Rf4 Rxf4+ 77. Kxf4 Kd3 78. g6 Kd4 79. g7 Kd3 80. g8Q 1-0

[Event "EU-ch U08 28th"]
[Site "Riga"]
[Date "2018.08.21"]
[Round "2"]
[White "Zheng, Harry Z"]
[Black "Vassis, Michail"]
[Result "1/2-1/2"]
[WhiteElo "1530"]
[BlackElo "1218"]
[PlyCount "224"]
[EventDate "2018.08.20"]
[EventType "swiss"]
[EventRounds "9"]
[EventCountry "LAT"]
[SourceTitle "CBM 186 Extra"]
[Source "ChessBase"]
[SourceDate "2018.08.24"]
[SourceVersion "1"]
[SourceVersionDate "2018.08.24"]
[SourceQuality "1"]

1. e4 Nf6 2. e5 Nd5 3. d4 Nc6 4. Nf3 d6 5. Bb5 a6 6. Ba4 Nb6 7. Bb3 dxe5 8. Nxe5 Nxe5 9. dxe5 Qxd1+ 10. Kxd1 Bf5 11. Be3 0-0-0+ 12. Nd2 Nd5 13. Re1 e6 14. f3 Nxe3+ 15. Rxe3 Bc5 16. Re2 h5 17. Ke1 g5 18. Ne4 Be7 19. c3 Rhg8 20. Bc2 Rd5 21. Nf6 Bxf6 22. exf6 Bxc2 23. Rxc2 Rg6 24. Rd1 Rxd1+ 25. Kxd1 Rxf6 26. Rd2 Rf5 27. Ke1 c6 28. Kf2 Ra5 29. a3 Kc7 30. Kg3 Ra4 31. Rd3 f5 32. Rd2 h4+ 33. Kf2 Ra5 34. g3 hxg3+ 35. Kxg3 Re5 36. h4 gxh4+ 37. Kxh4 Re3 38. f4 Re1 39. Kg5 Rf1 40. c4 Rg1+ 41. Kf6 Rf1 42. Kxe6 Rxf4 43. c5 Rc4 44. b4 Rc3 45. Kxf5 Rxa3 46. Rd4 a5 47. Ke4 a4 48. Rd3 Ra1 49. Kd4 a3 50. Kc3 a2 51. Kb2 Rb1+ 52. Kxa2 Rxb4 53. Rc3 Kd7 54. Rd3+ Ke7 55. Re3+ Kf6 56. Ka3 Rc4 57. Rb3 Rxc5 58. Rxb7 Ke5 59. Kb4 Rd5 60. Kc4 Kd6 61. Rh7 Rc5+ 62. Kb4 Rc1 63. Rh6+ Kc7 64. Rh3 Kb6 65. Rb3 c5+ 66. Ka3+ Kc6 67. Kb2 Rh1 68. Rg3 Rh2+ 69. Kc3 Kb5 70. Rg4 Rh3+ 71. Kc2 c4 72. Rg2 Kb4 73. Kb2 Rb3+ 74. Kc2 Ra3 75. Kb2 c3+ 76. Kb1 Kb3 77. Rb2+ Kc4 78. Rh2 Kb4 79. Rg2 Rb3+ 80. Ka2 Ra3+ 81. Kb1 Ra5 82. Rh2 Rd5 83. Kc2 Rd4 84. Rg2 Kc4 85. Rh2 Kb4 86. Rg2 Rh4 87. Rf2 Kc4 88. Rg2 Kd4 89. Rf2 Rg4 90. Rh2 Rf4 91. Rg2 Re4 92. Rh2 Re3 93. Rh4+ Kd5 94. Rh5+ Ke4 95. Rh4+ Kd5 96. Rh5+ Kc4 97. Rh4+ Kb5 98. Rh5+ Kb4 99. Rh4+ Ka3 100. Rc4 Re1 101. Rxc3+ Kb4 102. Rb3+ Ka4 103. Rb1 Re2+ 104. Kd3 Rh2 105. Kc4 Rh4+ 106. Kc3 Rg4 107. Rb8 Rg7 108. Kc4 Rc7+ 109. Kd5 Ka5 110. Kd6 Rc2 111. Kd5 Rd2+ 112. Kc4 Rc2+ 1/2-1/2

[Event "GRE-ch U08"]
[Site "Achaia"]
[Date "2017.06.29"]
[Round "6.1"]
[White "Mavridis, Emmanouil"]
[Black "Vassis, Michail"]
[Result "1-0"]
[WhiteElo "1102"]
[BlackElo "1149"]
[PlyCount "197"]
[EventDate "2017.06.26"]
[EventType "swiss"]
[EventRounds "9"]
[EventCountry "GRE"]
[SourceTitle "EXT 2018"]
[Source "ChessBase"]
[SourceDate "2017.10.13"]
[SourceVersion "1"]
[SourceVersionDate "2017.10.13"]
[SourceQuality "1"]

1. e4 Nf6 2. e5 Nd5 3. c4 Nb6 4. d4 d6 5. Nf3 Bg4 6. h3 Bxf3 7. Qxf3 Nc6 8. Qe4 dxe5 9. dxe5 e6 10. Nc3 Bb4 11. Bd2 Qd4 12. Qxd4 Nxd4 13. 0-0-0 0-0 14. a3 Nb3+ 15. Kc2 Nxd2 16. Rxd2 Be7 17. g4 Bg5 18. Rd1 Rfd8 19. Bd3 Bf4 20. Rhe1 Bg5 21. Ne4 Be7 22. f4 Bh4 23. Re2 Be7 24. Red2 a6 25. Ng5 Bxg5 26. fxg5 Re8 27. b3 Nc8 28. Be4 c6 29. Rd7 Rb8 30. c5 Ne7 31. h4 Nd5 32. Bxd5 exd5 33. Re1 b6 34. cxb6 Rxb6 35. Rd6 a5 36. e6 fxe6 37. Rexe6 Rxe6 38. Rxe6 Kf7 39. Re5 Rb7 40. Kc3 Re7 41. Rf5+ Ke8 42. Rf3 c5 43. Rd3 Rd7 44. b4 axb4+ 45. axb4 c4 46. Rg3 Kd8 47. Rf3 Kc7 48. Rf1 Kc6 49. Rf2 Kb5 50. Rf5 g6 51. Re5 Ka4 52. Re1 Kb5 53. Re5 Ka4 54. Re8 Kb5 55. Rb8+ Kc6 56. Rc8+ Kb5 57. Rc5+ Kb6 58. Kd4 Rd6 59. Ke5 Rd7 60. Ke6 Rd8 61. Ke7 Ra8 62. Rxd5 c3 63. Rc5 Ra7+ 64. Kd6 Ra6 65. Rxc3 Kb5+ 66. Kd5 Kxb4 67. Rc4+ Kb3 68. Rd4 Ra5+ 69. Ke4 Ra7 70. Rd3+ Kc2 71. Rd6 Ra4+ 72. Rd4 Ra7 73. Rc4+ Kb3 74. Rd4 Re7+ 75. Kf3 Rf7+ 76. Rf4 Rc7 77. Ke4 Rc4+ 78. Ke5 Rc5+ 79. Kf6 Rc6+ 80. Kg7 h5 81. gxh5 gxh5 82. Rf6 Rc7+ 83. Kg6 Kc4 84. Kxh5 Rh7+ 85. Rh6 Rg7 86. Rh8 Kd5 87. Kh6 Re7 88. g6 Ke6 89. g7 Rxg7 90. Kxg7 Kf5 91. h5 Kg5 92. h6 Kg4 93. h7 Kg3 94. Rf8 Kg4 95. h8Q Kg3 96. Qg8 Kh4 97. Kf6 Kh3 98. Qg7 Kh4 99. Rh8# 1-0